Consumer Approach To Bank Payment Card Security and Fraud
Osobná bezpečnosť a kvalita zabezpečenia, ktoré banky venujú platobným kartám a platobným systémom. Príslušný výskum bol vykonaný v elektronickej forme prostredníctvom selektívneho skúšania na Slovensku v roku 2015. Študijná skupina pozostávala z 287 respondentov, z ktorých bolo 164 mužov a 123 žien...
Salvato in:
| Autore principale: | |
|---|---|
| Altri autori: | , , |
| Natura: | Capitolo di libro |
| Lingua: | inglese |
| Soggetti: | |
| Tags: |
Nessun Tag, puoi essere il primo ad aggiungerne!!
|
MARC
| LEADER | 00000nla a2200000 4500 | ||
|---|---|---|---|
| 001 | 0246119 | ||
| 005 | 20221031112000.1 | ||
| 041 | 0 | |a eng | |
| 044 | |a LT | ||
| 245 | 1 | 0 | |a Consumer Approach To Bank Payment Card Security and Fraud |c Anton Korauš, Ján Dobrovič, Aleksandr Ključnikov, Miroslav Gombár |
| 520 | |a Osobná bezpečnosť a kvalita zabezpečenia, ktoré banky venujú platobným kartám a platobným systémom. Príslušný výskum bol vykonaný v elektronickej forme prostredníctvom selektívneho skúšania na Slovensku v roku 2015. Študijná skupina pozostávala z 287 respondentov, z ktorých bolo 164 mužov a 123 žien. Respondenti boli kategorizovaní podľa ich veku, vzdelania a zamestnania. | ||
| 610 | 2 | 0 | |a banky obchodné |
| 610 | 2 | 0 | |a bezpečnosť |
| 610 | 2 | 0 | |a klienti |
| 610 | 2 | 0 | |a platby bezhotovostné |
| 610 | 2 | 0 | |a podvody |
| 100 | 1 | |a Korauš, Antonín | |
| 700 | 1 | |a Dobrovič, Ján | |
| 700 | 1 | |a Ključnikov, Aleksandr | |
| 700 | 1 | |a Gombár, Miroslav | |